Vývoj vybratých komodít na Londýnskej komoditnej burze Príloha Hospodárskych novín

Prehľad o vývoji cien najdôležitejších poľnohospodárskych komodít (kakao, jačmeň, kukurica, pšenica, cukor) na Londýnskej komoditnej burze.

Enregistré dans:
Détails bibliographiques
Auteur principal: Masár, I.
Format: Chapitre de livre
Langue:slovaque
Sujets:
Tags: Ajouter un tag
Pas de tags, Soyez le premier à ajouter un tag!

MARC

LEADER 00000naa a2200000 4500
001 r022698
005 20230801104407.3
041 0 |a slo 
044 |a SK 
245 1 0 |a Vývoj vybratých komodít na Londýnskej komoditnej burze  |b Príloha Hospodárskych novín  |c I. Masár 
520 |a Prehľad o vývoji cien najdôležitejších poľnohospodárskych komodít (kakao, jačmeň, kukurica, pšenica, cukor) na Londýnskej komoditnej burze. 
610 2 0 |a Veľká Británia 
610 2 0 |a 1996 
610 2 0 |a Londýnska komoditná burza 
610 2 0 |a burzy komoditné 
610 2 0 |a komodity 
610 2 0 |a kakao 
610 2 0 |a jačmeň sladovnícky 
610 2 0 |a kukurica 
610 2 0 |a pšenica 
610 2 0 |a cukor 
610 2 0 |a ceny burzové 
100 1 |a Masár, I.